| 000 -CABECERA |
| Longitud fija campo de control |
01054nam a22002297a 4500 |
| 003 - IDENTIFICADOR DEL NÚMERO DE CONTROL |
| Identificador del número de control |
OSt |
| 005 - FECHA Y HORA DE LA ÚLTIMA TRANSACCIÓN |
| Fecha y hora de la última transacción |
20241014141640.0 |
| 008 - CÓDIGOS DE INFORMACIÓN DE LONGITUD FIJA |
| Códigos de información de longitud fija |
130715b xxu||||| |||| 00| 0 eng d |
| 040 ## - FUENTE DE LA CATALOGACIÓN |
| Centro transcriptor |
CDMR |
| Lengua de catalogación |
cat |
| 100 1# - PUNTO DE ACCESO PRINCIPAL-NOMBRE DE PERSONA |
| 9 (RLIN) |
3933 |
| Nombre de persona |
Sainz de Baranda Andújar, Clara |
| 245 10 - MENCIÓN DE TÍTULO |
| Título |
Mujeres y deporte en los medios de comunicación |
| Resto del título |
: estudio de la prensa deportiva española (1979-2010) |
| Mención de responsabilidad, etc. |
Clara Sainz de Baranda Andújar ; directores Pilar Diezhandino, Ángel Bahamonde |
| Medio |
[recurs electrònic] |
| 260 ## - PUBLICACIÓN, DISTRIBUCIÓN, ETC. (PIE DE IMPRENTA) |
| Lugar de publicación, distribución, etc. |
Madrid |
| Fecha de publicación, distribución, etc. |
2013 |
| 502 ## - NOTA DE TESIS |
| Nota de tesis |
Tesi doctoral defensada el 22 de febrer de 2013 |
| Nombre de la institución que otorga el tí,tulo |
Universidad Carlos III de Madrid |
| 650 04 - PUNTO DE ACCESO ADICIONAL DE MATERIA - TÉRMINO DE MATERIA |
| 9 (RLIN) |
3818 |
| Término de materia o nombre geográfico como elemento inicial |
Mitjans de comunicació de massa i dones |
| 650 04 - PUNTO DE ACCESO ADICIONAL DE MATERIA - TÉRMINO DE MATERIA |
| 9 (RLIN) |
1696 |
| Término de materia o nombre geográfico como elemento inicial |
Premsa esportiva |
| 650 04 - PUNTO DE ACCESO ADICIONAL DE MATERIA - TÉRMINO DE MATERIA |
| 9 (RLIN) |
2994 |
| Término de materia o nombre geográfico como elemento inicial |
Tesis i dissertacions acadèmiques |
| 700 1# - PUNTO DE ACCESO ADICIONAL - NOMBRE DE PERSONA |
| 9 (RLIN) |
1492 |
| Nombre de persona |
Diezhandino, María Pilar |
| 700 1# - PUNTO DE ACCESO ADICIONAL - NOMBRE DE PERSONA |
| 9 (RLIN) |
3934 |
| Nombre de persona |
Bahamonde, Ángel |
| 710 2# - PUNTO DE ACCESO ADICIONAL - NOMBRE DE ENTIDAD |
| 9 (RLIN) |
3936 |
| Nombre de entidad o nombre de jurisdicción como elemento inicial |
Universidad Carlos III de Madrid |
| Unidad subordinada |
-- Departamento de Periodismo y Comunicación Audiovisual |
| 856 40 - LOCALIZACIÓN Y ACCESO ELECTRÓNICO |
| Identificador Uniforme del Recurso (URI) |
<a href="https://hdl.handle.net/10016/16505">https://hdl.handle.net/10016/16505</a> |
| Texto del enlace |
Disponible en línia (UC3) |
| 942 ## - ENTRADA DE ELEMENTOS AGREGADOS (KOHA) |
| Fuente de clasificaión o esquema |
|
| Koha [por defecto] tipo de item |
Tesines en línia |